书目信息 |
| 题名: |
刘国钧图书馆学论文选集
|
|
| 作者: | 刘国钧 著 ;史永元 , 张树华 编辑 | |
| 分册: | ||
| 出版信息: | 北京 书目文献出版社 1983 |
|
| 页数: | 432页 | |
| 开本: | 21cm | |
| 丛书名: | ||
| 单 册: | ||
| 中图分类: | G250-53 | |
| 科图分类: | ||
| 主题词: | 图书馆学--文集 | |
| 电子资源: | ||
| ISBN: | ||
| 000 | 00803nam0 2200265 45 | |
| 001 | 0183009632 | |
| 005 | 20040426161228.5 | |
| 010 | @dCNY1.85 | |
| 091 | @a7201.34 | |
| 100 | @a19950222d1983 em y0chiy0121 ea | |
| 101 | 0 | @achi |
| 102 | @aCN@b110000 | |
| 105 | @ay z 000yy | |
| 106 | @ar | |
| 200 | 10 | @a刘国钧图书馆学论文选集@Aliu guo jun tu shu guan xue lun wen xuan ji@f刘国钧著@g史永元, 张树华编辑 |
| 210 | @a北京@c书目文献出版社@d1983 | |
| 215 | @a432页@d21cm | |
| 606 | @a图书馆学@x文集 | |
| 690 | @aG250-53@v3 | |
| 701 | 0 | @a刘国钧@Aliu guo jun@4著 |
| 702 | 0 | @a史永元@Ashi yong yuan@4编辑 |
| 702 | 0 | @a张树华@Azhang shu hua@4编辑 |
| 801 | 0 | @aCN@b上海图书馆@c20040426 |
| 801 | 2 | @aCN@bNLC@c20040426 |
| 905 | @f3@b174385-387@dG250-53@e12@b174383@f1@f2@b97577-578@f2@b114753-754 | |
| 刘国钧图书馆学论文选集/刘国钧著/史永元, 张树华编辑.-北京:书目文献出版社,1983 |
| 432页;21cm |
| ISBN :CNY1.85 |
| ● |
| 相关链接 |
|
|
|
|
正题名:刘国钧图书馆学论文选集
索取号:G250-53/12
 
预约/预借
| 序号 | 登录号 | 条形码 | 馆藏地/架位号 | 状态 | 备注 |
| 1 | 0097577 | 000498688 | 密集书库/ [索取号:G250-53/12] | 在馆 | |
| 2 | 0097578 | 000498660 | 密集书库/ [索取号:G250-53/12] | 在馆 | |
| 3 | 0114753 | 000499687 | 第四借阅区/ [索取号:G250-53/12] | 在馆 | |
| 4 | 0114754 | 000498731 | 密集书库/ [索取号:G250-53/12] | 在馆 | |
| 5 | 0174383 | 000499669 | 密集书库/ [索取号:G250-53/12] | 在馆 | |
| 6 | 0174385 | 000498740 | 密集书库/ [索取号:G250-53/12] | 在馆 | |
| 7 | 0174386 | 000499678 | 密集书库/ [索取号:G250-53/12] | 在馆 | |
| 8 | 0174387 | 000498679 | 密集书库/ [索取号:G250-53/12] | 在馆 |